| 000 | 00551nam a22002057a 4500 | ||
|---|---|---|---|
| 005 | 20221221150603.0 | ||
| 008 | 221221b ||||| |||| 00| 0 eng d | ||
| 040 | _cAL | ||
| 041 | _aEnglish | ||
| 082 |
_223 _a335.408 _bMARS |
||
| 100 |
_aKarl Marx and others _967298 |
||
| 245 | _aSelected Works Vol 3 | ||
| 260 |
_aMoscow _bProgress Publishers _c1973 |
||
| 300 |
_a579 p. _bHB _c22x15 cm. |
||
| 650 |
_aSocialism _967299 |
||
| 650 |
_aEconomics _967300 |
||
| 700 |
_aMARX(Karl) _967301 |
||
| 700 |
_aENGELS (Frederick) _967302 |
||
| 942 |
_2ddc _cDB |
||
| 999 |
_c226013 _d226013 |
||